Hyperbolic sets, shadowing and persistence for noninvertible mappings in Banach spaces
Αποθηκεύτηκε σε:
| Κύριος συγγραφέας: | |
|---|---|
| Μορφή: | Βιβλίο |
| Γλώσσα: | English |
| Δημοσίευση: |
Harlow, Essex, England :
Longman,
1995
|
| Σειρά: | Pitman research notes in mathematics series ;
; 334 |
| Θέματα: | |
| Ετικέτες: |
Προσθήκη ετικέτας
Δεν υπάρχουν, Καταχωρήστε ετικέτα πρώτοι!
|
MARC
| LEADER | 00000nam a2200000 i 4500 | ||
|---|---|---|---|
| 001 | 1/78360 | ||
| 008 | 990427s1995 eng d | ||
| 020 | |a 0-582-29228-X | ||
| 035 | |l 10050134 | ||
| 040 | |a GR-MY-UA |b gre |e aacr | ||
| 041 | 0 | |a eng | |
| 082 | 0 | |a 515.352 | |
| 100 | 1 | |a Lani-Wayda, Bernhard |d 1961- | |
| 245 | 1 | 0 | |a Hyperbolic sets, shadowing and persistence for noninvertible mappings in Banach spaces / |c Bernhard Lani- Wayda |
| 260 | |a Harlow, Essex, England : |b Longman, |c 1995 | ||
| 300 | |a 144 p.; |b ill.; |c 24 cm. | ||
| 490 | 1 | |a Pitman research notes in mathematics series |v ; 334 | |
| 500 | |a Includes bibliographical references | ||
| 650 | 0 | 0 | |a Differentiable dynamical systems. |
| 650 | 0 | 0 | |a Differential equations, Hyperbolic. |
| 830 | 0 | |a Pitman research notes in mathematics series ; |v ; 334 | |
| 852 | |a INST |b SAMOS |e 19990427 |h 515.352 LAN |p 005300014952 |q 005300014952 |t BK |y 0 | ||
| 901 | |a BIBL-1999-1 | ||
| 909 | |a Σ |b 065276 | ||
| 922 | |a 3ΕΛΗ |b 199901 |c ΚΠΣ |d GLORY | ||